Nadabrahmam thedi/ (Record no. 30144)

000 -LEADER
fixed length control field 00410nam a22001691a 4500
020 ## - INTERNATIONAL STANDARD BOOK NUMBER
ISBN 9788182641013
082 ## - DEWEY DECIMAL CLASSIFICATION NUMBER
Classification number M 780.92
Item number DAM/N
100 ## - MAIN ENTRY--AUTHOR NAME
Personal name Damodaran Melur
245 ## - TITLE STATEMENT
Title Nadabrahmam thedi/
Statement of responsibility, etc by Damodaran Melur
260 ## - PUBLICATION, DISTRIBUTION, ETC. (IMPRINT)
Place of publication Kozhikode:
Name of publisher Mathrubhoomi,
Year of publication 2005.
300 ## - PHYSICAL DESCRIPTION
Number of Pages 80p.
650 ## - SUBJECT ADDED ENTRY--TOPICAL TERM
Topical Term BiographyThyagaraja bhagavathar
650 ## - SUBJECT ADDED ENTRY--TOPICAL TERM
Topical Term Biography
650 ## - SUBJECT ADDED ENTRY--TOPICAL TERM
Topical Term Music
650 ## - SUBJECT ADDED ENTRY--TOPICAL TERM
Topical Term Arts
942 ## - ADDED ENTRY ELEMENTS (KOHA)
Koha item type Book
Holdings
Withdrawn status Lost status Damaged status Not for loan Permanent Location Current Location Date acquired Cost, normal purchase price Full call number Accession Number Cost, replacement price Price effective from Koha item type
        Sree Sankaracharya University of Sanskrit Sree Sankaracharya University of Sanskrit 08.01.2015 40.00 M 780.92 DAM/N 050202 0.00 08.01.2015 Book